Kozier & Erb's Fundamentals Of Nursing: (Record no. 200694)

MARC details
000 -LEADER
fixed length control field 00824nam a22002177a 4500
005 - DATE AND TIME OF LATEST TRANSACTION
control field 20240212171944.0
010 ## - LCCN (DPL NO)
LC control number ENG-139208
020 ## - INTERNATIONAL STANDARD BOOK NUMBER
Terms of availability 2099.00
International Standard Book Number 9789353949273
035 ## - SYSTEM CONTROL NUMBER
System control number EN-122740
037 ## - SOURCE OF ACQUISITION
Source of stock number/acquisition DBAD/PUB
082 ## - DEWEY DECIMAL CLASSIFICATION NUMBER
Classification number 610.73
Edition number 11
100 ## - MAIN ENTRY--PERSONAL NAME
Personal name Berman, Audrey
245 ## - TITLE STATEMENT
Title Kozier & Erb's Fundamentals Of Nursing:
Remainder of title Concepts, Process and Practice/
Statement of responsibility, etc By Audrey Berman; Shirlee J. Snyder and Geralyn Frandsen
250 ## - EDITION STATEMENT
Edition statement 11
260 ## - PUBLICATION, DISTRIBUTION, ETC. (IMPRINT)
Place of publication, distribution, etc Uttar Pradesh
Name of publisher, distributor, etc Pearson India Education Pvt Ltd
Date of publication, distribution, etc 2022
270 ## - ADDRESS
City Uttar Pradesh
Address 15th FLoor, Tower-B, World Trade Tower, Plot No.1, Block- C, Sector-16, Noida
Postal code 201301
300 ## - PHYSICAL DESCRIPTION
Extent 1533p.
Dimensions 28cm(pb)
Other physical details Index
700 ## - ADDED ENTRY--PERSONAL NAME
Personal name Snyder , Shirlee J.
Relator term Author
9 (RLIN) 61988
700 ## - ADDED ENTRY--PERSONAL NAME
Personal name Frandsen, Geralyn
Relator term Author
9 (RLIN) 61989
942 ## - ADDED ENTRY ELEMENTS (KOHA)
Source of classification or shelving scheme Dewey Decimal Classification
Item type English Books
Classification part 610.73
Call number suffix BER
Edition 11
Holdings
Withdrawn status Lost status Not for loan Collection code Home library Current library Date acquired Source of acquisition Cost, normal purchase price Full call number Barcode Copy number Cost, replacement price Koha item type
      Non-fiction Tri Nagar Tri Nagar 12/02/2024 DBAD/PUB 2099.00 610.73 BER EN-122740 1 2099.00 English Books

© Delhi Public Library
Hit Counter
free hit counter